Catálogo público

(Record no. 184694)

MARC details
000 -CABECERA
campo de control de longitud fija 00334nam a2200121Ia 4500
001 - NÚMERO DE CONTROL
campo de control IA_
008 - DATOS DE LONGITUD FIJA--INFORMACIÓN GENERAL
campo de control de longitud fija 220117s xx 000 0 und d
010 ## - NÚMERO DE CONTROL DE LA BIBLIOTECA DEL CONGRESO
Número de control de LC 184694
700 ## - PUNTO DE ACCESO ADICIONAL--NOMBRE DE PERSONA
Nombre de persona Borde Lekona, Blas, tr.
9 (RLIN) 157613
700 ## - PUNTO DE ACCESO ADICIONAL--NOMBRE DE PERSONA
Nombre de persona Mead, Geoff C., ed.
9 (RLIN) 157614
942 ## - ELEMENTOS DE PUNTO DE ACCESO ADICIONAL (KOHA)
Tipo de ítem Koha

No items available.